[Event "Championnat de France des Jeunes - Minimes"]
[Site "AIX LES BAINS"]
[Date "2009.04.19"]
[Round "1.2"]
[White "Sochacki, Christophe"]
[Black "Calon, Quentin"]
[Result "1-0"]
[WhiteElo "2250"]
[BlackElo "2318"]
[PlyCount "43"]
[EventDate "2009.04.20"]
[SourceDate "2009.04.20"]

1. e4 c5 2. Nf3 e6 3. d4 cxd4 4. Nxd4 a6 5. Nc3 b5 6. g3 Bb7 7. Bg2 Nf6 8. O-O
b4 9. Na4 Bxe4 10. Bxe4 Nxe4 11. Re1 Nc5 12. Qf3 d5 13. Nxc5 Bxc5 14. Nxe6 fxe6
15. Rxe6+ Be7 16. Bg5 Ra7 17. Rae1 Rf8 18. Qh5+ Rf7 19. Rxe7+ Raxe7 20. Rxe7+
Qxe7 21. Bxe7 Kxe7 22. Qe5+ 1-0

[Event "Championnat de France des Jeunes - Minimes"]
[Site "AIX LES BAINS"]
[Date "2009.04.20"]
[Round "1.3"]
[White "Caya, Jonathan"]
[Black "Ider, Boroya"]
[Result "0-1"]
[WhiteElo "1863"]
[BlackElo "2176"]
[PlyCount "72"]
[EventDate "2009.04.20"]
[SourceDate "2009.04.20"]

1. Nf3 Nf6 2. c4 e6 3. d4 b6 4. Nc3 Bb7 5. Bg5 Be7 6. e3 O-O 7. Bd3 d5 8. O-O
Nbd7 9. cxd5 Nxd5 10. Bxe7 Nxe7 11. Ne4 Nd5 12. a3 N7f6 13. Qc2 h6 14. Ne5 Nxe4
15. Bxe4 Rc8 16. b4 a6 17. Rac1 Qd6 18. Nc6 Rfe8 19. Rfd1 Kf8 20. Bxd5 Qxd5 21.
Rd3 Kg8 22. Rc3 e5 23. e4 Qe6 24. d5 Qd6 25. f3 f5 26. Qf2 Rf8 27. Qg3 Rce8 28.
h3 Rf6 29. Na7 Rf7 30. Nc6 Rf6 31. Na7 Rg6 32. Qh2 fxe4 33. fxe4 Qf6 34. Rxc7
Qg5 35. Kh1 Ra8 36. Nc6 Qxc1+ 0-1

[Event "Championnat de France des Jeunes - Minimes"]
[Site "AIX LES BAINS"]
[Date "2009.04.20"]
[Round "1.4"]
[White "Manoeuvre, Antoine"]
[Black "Palacios-Aguilar, Diego Andre"]
[Result "1-0"]
[WhiteElo "2150"]
[BlackElo "1862"]
[PlyCount "45"]
[EventDate "2009.04.20"]
[SourceDate "2009.04.20"]

1. d4 d5 2. c4 Nc6 3. Nf3 Bg4 4. cxd5 Bxf3 5. gxf3 Qxd5 6. e3 e5 7. Nc3 Bb4 8.
Bd2 Bxc3 9. bxc3 Qd6 10. Qb3 Rb8 11. d5 Nce7 12. c4 a6 13. Qa4+ Qd7 14. Qa3 Nf6
15. Bb4 Nc8 16. Rg1 Rg8 17. Rg5 e4 18. fxe4 Kd8 19. f3 h6 20. Rg3 Qe8 21. Bh3
Nh5 22. Rg2 Nb6 23. d6 1-0

[Event "Championnat de France des Jeunes - Minimes"]
[Site "AIX LES BAINS"]
[Date "2009.04.20"]
[Round "1.5"]
[White "Muller, Anthony"]
[Black "Netzer, Jacques"]
[Result "0-1"]
[WhiteElo "1860"]
[BlackElo "2139"]
[PlyCount "84"]
[EventDate "2009.04.20"]
[SourceDate "2009.04.20"]

1. c4 g6 2. g3 Bg7 3. Bg2 c5 4. e3 e5 5. Ne2 Nc6 6. Nbc3 Nge7 7. O-O O-O 8. d3
d6 9. a3 Be6 10. b3 d5 11. e4 dxc4 12. bxc4 Qd7 13. Rb1 b6 14. Nd5 Rad8 15.
Nec3 f5 16. f3 Bxd5 17. cxd5 Nd4 18. Be3 f4 19. Bxd4 exd4 20. Ne2 g5 21. g4 Ng6
22. Nc1 Ne5 23. Rf2 h5 24. h3 Rf6 25. Bf1 hxg4 26. hxg4 Rh6 27. Rbb2 Kf7 28.
Nb3 Rdh8 29. Rh2 Rxh2 30. Rxh2 Rxh2 31. Kxh2 Qa4 32. Be2 Qxa3 33. Qc2 a5 34.
Kg2 a4 35. Nc1 b5 36. Kf1 Qc3 37. Qb1 b4 38. Bd1 b3 39. Ke2 c4 40. d6 b2 41.
Na2 Qxd3+ 42. Qxd3 cxd3+ 0-1

[Event "Championnat de France des Jeunes - Minimes"]
[Site "AIX LES BAINS"]
[Date "2009.04.20"]
[Round "1.6"]
[White "Dubessay, Bastien"]
[Black "Farnolle, Rudy"]
[Result "1/2-1/2"]
[WhiteElo "2134"]
[BlackElo "1856"]
[PlyCount "71"]
[EventDate "2009.04.20"]
[SourceDate "2009.04.20"]

1. d4 e6 2. c4 Nf6 3. Nf3 b6 4. Nc3 Bb7 5. a3 Be7 6. d5 exd5 7. cxd5 O-O 8. e4
d6 9. Nd4 c6 10. Bc4 Nxe4 11. Nxc6 Nxc6 12. Nxe4 Ne5 13. Be2 Qd7 14. f4 Ng6 15.
O-O f5 16. Nc3 Bf6 17. Bd2 Rac8 18. Qb3 Qf7 19. Rad1 Rfe8 20. Bf3 Nh4 21. Be1
Nxf3+ 22. Rxf3 Rc5 23. Bf2 Rcc8 24. Nb5 Bxd5 25. Qxd5 Qxd5 26. Rxd5 Rc1+ 27.
Be1 Rexe1+ 28. Kf2 Rf1+ 29. Kg3 Rxf3+ 30. Kxf3 Bxb2 31. Rxd6 a6 32. Na7 Bxa3
33. Rxb6 Rc3+ 34. Ke2 Rc2+ 35. Kf3 Rc3+ 36. Ke2 1/2-1/2

[Event "Championnat de France des Jeunes - Minimes"]
[Site "AIX LES BAINS"]
[Date "2009.04.20"]
[Round "1.7"]
[White "Adeimi, Michel"]
[Black "Grandadam, Nicolas"]
[Result "1-0"]
[WhiteElo "1853"]
[BlackElo "2133"]
[PlyCount "93"]
[EventDate "2009.04.20"]
[SourceDate "2009.04.20"]

1. e4 c5 2. c3 d5 3. exd5 Qxd5 4. d4 Nf6 5. Nf3 Bg4 6. Be2 e6 7. Na3 Nc6 8. Nb5
Qd8 9. Bf4 Nd5 10. Bg3 a6 11. Na3 cxd4 12. Nxd4 Bxe2 13. Nxe2 Bxa3 14. bxa3 Qa5
15. Qb3 b5 16. O-O O-O 17. Rac1 Nb6 18. Bd6 Rfd8 19. Bb4 Qa4 20. c4 Nxb4 21.
axb4 bxc4 22. Qxa4 Nxa4 23. Rxc4 Rd2 24. Nc1 g6 25. h3 Rb8 26. Kh2 Rb6 27. Kg3
Rb2 28. a3 Rb1 29. Rd1 Kg7 30. Rc7 e5 31. f3 Ra1 32. Rdd7 Rf6 33. Nd3 Nb6 34.
Rd8 Rxa3 35. Nxe5 Rb3 36. Rb7 h5 37. Rbb8 Re6 38. Nd3 Nc4 39. Nc5 Rbe3 40.
Nxe6+ Rxe6 41. h4 Ne3 42. Kf2 Nc4 43. Re8 Rd6 44. g4 hxg4 45. fxg4 Rd4 46. g5
Rxh4 47. Rg8+ 1-0

[Event "Championnat de France des Jeunes - Minimes"]
[Site "AIX LES BAINS"]
[Date "2009.04.20"]
[Round "1.8"]
[White "Dionosi, Thomas"]
[Black "Jeannesson, Clement"]
[Result "1-0"]
[WhiteElo "2129"]
[BlackElo "1842"]
[PlyCount "73"]
[EventDate "2009.04.20"]
[SourceDate "2009.04.20"]

1. e4 c5 2. b3 d6 3. Bb2 Nf6 4. Nc3 e6 5. f4 Nc6 6. Nf3 Be7 7. Bb5 O-O 8. Bxc6
bxc6 9. Qe2 d5 10. d3 Ba6 11. Nd2 Rb8 12. O-O c4 13. e5 cxd3 14. cxd3 Nd7 15.
Nf3 Qb6+ 16. Kh1 c5 17. Nd2 Rfc8 18. f5 c4 19. Na4 cxd3 20. Qf3 Qb4 21. fxe6
fxe6 22. Qf7+ Kh8 23. Qxe6 Bb5 24. Bc3 Rxc3 25. Nxc3 Qxc3 26. Qxe7 Qxd2 27. a4
Bc6 28. Qd6 Rc8 29. e6 d4 30. Qxc6 Rxc6 31. exd7 h6 32. d8=Q+ Kh7 33. Qxd4 Rc2
34. Qe4+ Kg8 35. Rad1 Qg5 36. Rxd3 Rc1 37. Rd8+ 1-0

[Event "Championnat de France des Jeunes - Minimes"]
[Site "AIX LES BAINS"]
[Date "2009.04.20"]
[Round "1.9"]
[White "Sauviat, Thomas"]
[Black "Velten, Paul"]
[Result "0-1"]
[WhiteElo "1840"]
[BlackElo "2129"]
[PlyCount "67"]
[EventDate "2009.04.20"]
[SourceDate "2009.04.20"]

1. e4 e6 2. d4 d5 3. Nc3 Nc6 4. exd5 exd5 5. Nf3 Bg4 6. Be2 Nf6 7. Be3 Bd6 8.
a3 O-O 9. O-O Ne7 10. Ne5 Bxe2 11. Qxe2 Re8 12. Qf3 Ng6 13. Nxg6 hxg6 14. Bg5
c6 15. b4 Qb6 16. Bxf6 gxf6 17. Qd3 Kg7 18. Rae1 a5 19. b5 Rh8 20. g3 Rh5 21.
f4 Rah8 22. Re2 Bxa3 23. Rb1 Bb4 24. Na4 Qc7 25. c3 Bd6 26. bxc6 bxc6 27. Qa6
Bxf4 28. Rb7 Qd6 29. Ree7 Bxg3 30. Rxf7+ Kh6 31. Qd3 Bxh2+ 32. Kg2 Qf4 33. Qf3
Rg5+ 34. Kf1 0-1

[Event "Championnat de France des Jeunes - Minimes"]
[Site "AIX LES BAINS"]
[Date "2009.04.20"]
[Round "1.10"]
[White "Fevre, Mathieu"]
[Black "Canterel, Remi"]
[Result "1-0"]
[WhiteElo "2065"]
[BlackElo "1853"]
[PlyCount "125"]
[EventDate "2009.04.20"]
[SourceDate "2009.04.20"]

1. e4 c6 2. Nc3 d5 3. Nf3 e6 4. d4 Bb4 5. e5 c5 6. Be3 Nc6 7. dxc5 Qa5 8. Qd2
Nge7 9. Bd3 f6 10. exf6 gxf6 11. O-O e5 12. Bb5 Kf7 13. Bxc6 bxc6 14. a3 Bxc3
15. Qxc3 Qxc3 16. bxc3 Bf5 17. Ne1 Ke6 18. Nd3 Rhg8 19. g3 Bh3 20. Rfb1 Rab8
21. Rb4 Rb5 22. a4 Rxb4 23. cxb4 d4 24. Bxd4 exd4 25. Nf4+ Kf5 26. Nxh3 Rb8 27.
b5 cxb5 28. axb5 Rxb5 29. Rxa7 Nc6 30. Rxh7 Kg6 31. Rd7 Rxc5 32. Nf4+ Kh6 33.
Ne6 Rxc2 34. Nxd4 Rc1+ 35. Kg2 Ne5 36. Rd6 Kg7 37. Nf3 Nf7 38. Ra6 Rc7 39. h4
Nh6 40. Nd4 Rc4 41. Ne6+ Kf7 42. Nf4 Nf5 43. Ra7+ Ke8 44. Nd5 Rc6 45. Ra6 Rxa6
46. Nc7+ Kf7 47. Nxa6 Kg6 48. Nc5 Nh6 49. f3 Kf5 50. Ne4 Ke5 51. g4 f5 52. Nf2
Nf7 53. Nh3 Kf6 54. Kg3 Ne5 55. h5 fxg4 56. fxg4 Kg7 57. Kf4 Nd7 58. g5 Nf8 59.
Kf5 Kf7 60. Nf4 Nd7 61. h6 Kg8 62. g6 Nf8 63. Nd5 1-0

[Event "Championnat de France des Jeunes - Minimes"]
[Site "AIX LES BAINS"]
[Date "2009.04.20"]
[Round "1.11"]
[White "Stepenko, Roman"]
[Black "Di Nicolantonio, Lucas"]
[Result "0-1"]
[WhiteElo "1830"]
[BlackElo "2064"]
[PlyCount "68"]
[EventDate "2009.04.20"]
[SourceDate "2009.04.20"]

1. e4 c5 2. b3 Nf6 3. e5 Nd5 4. g3 d6 5. exd6 Qxd6 6. Bb2 Nc6 7. Bg2 e5 8. Na3
Be6 9. Nf3 f6 10. d3 Be7 11. Qd2 a6 12. Nc4 Qc7 13. Ne3 Rd8 14. Nh4 Nd4 15.
Nxd5 Bxd5 16. Bxd5 Rxd5 17. Bxd4 cxd4 18. Nf5 Ba3 19. O-O O-O 20. b4 Qd7 21. c4
dxc3 22. Qxc3 Qxf5 23. Qxa3 Rxd3 24. Qa5 Qf3 25. Qb6 h5 26. Qe6+ Kh8 27. Rac1
Rfd8 28. Qh3 Rd1 29. Rcxd1 Rxd1 30. Qc8+ Kh7 31. Qc2+ Rd3 32. Re1 e4 33. h4 f5
34. Qc1 e3 0-1

[Event "Championnat de France des Jeunes - Minimes"]
[Site "AIX LES BAINS"]
[Date "2009.04.20"]
[Round "1.12"]
[White "Ane, Cedric"]
[Black "Testa, Stephane"]
[Result "1-0"]
[WhiteElo "2060"]
[BlackElo "1829"]
[PlyCount "61"]
[EventDate "2009.04.20"]
[SourceDate "2009.04.20"]

1. e4 e6 2. d4 c5 3. Nf3 cxd4 4. Nxd4 a6 5. Nc3 Nf6 6. Be2 Bb4 7. Qd3 Qc7 8.
O-O Nc6 9. Nxc6 dxc6 10. f4 O-O 11. e5 Rd8 12. Qh3 Bxc3 13. bxc3 Nd5 14. Kh1 c5
15. c4 Ne7 16. Bd3 h6 17. Be3 Qc6 18. Rad1 Re8 19. Bf2 b5 20. Rfe1 bxc4 21.
Bxc4 Nd5 22. Qg4 Bb7 23. Bxd5 exd5 24. f5 d4 25. Bh4 Qd5 26. c4 Qc6 27. Rd2 Kh8
28. Qh5 Kg8 29. f6 gxf6 30. Qxh6 Qd7 31. Bxf6 1-0

[Event "Championnat de France des Jeunes - Minimes"]
[Site "AIX LES BAINS"]
[Date "2009.04.20"]
[Round "1.13"]
[White "Daniel, Antoine"]
[Black "Nguyen, Vincent"]
[Result "0-1"]
[WhiteElo "1826"]
[BlackElo "2058"]
[PlyCount "64"]
[EventDate "2009.04.20"]
[SourceDate "2009.04.20"]

1. e4 e6 2. d4 d5 3. exd5 exd5 4. Bd3 Nc6 5. c3 Bd6 6. Qc2 Nf6 7. Ne2 O-O 8.
O-O Re8 9. Ng3 Ne4 10. Nxe4 dxe4 11. Bxe4 Bxh2+ 12. Kxh2 Qh4+ 13. Kg1 Qxe4 14.
Qxe4 Rxe4 15. f3 Re7 16. Bf4 Bf5 17. Nd2 Rae8 18. Ne4 Bxe4 19. fxe4 Nd8 20.
Rae1 c6 21. e5 Ne6 22. g3 Rd7 23. Rd1 Red8 24. Rd2 c5 25. Rfd1 cxd4 26. Be3 d3
27. Bxa7 Ng5 28. Bb6 Nf3+ 29. Kg2 Nxd2 30. Bxd8 Nc4 31. Bg5 Nxb2 32. Rd2 Nc4
0-1

[Event "Championnat de France des Jeunes - Minimes"]
[Site "AIX LES BAINS"]
[Date "2009.04.20"]
[Round "1.14"]
[White "Samoun, Florent"]
[Black "Brest, Jean-Francois"]
[Result "1-0"]
[WhiteElo "2045"]
[BlackElo "1818"]
[PlyCount "69"]
[EventDate "2009.04.20"]
[SourceDate "2009.04.20"]

1. e4 c5 2. Nc3 Nc6 3. g3 e6 4. Bg2 Nge7 5. d3 d5 6. f4 g6 7. Nf3 Bg7 8. O-O
O-O 9. Kh1 a6 10. h3 b5 11. g4 f5 12. gxf5 gxf5 13. e5 Kh8 14. d4 cxd4 15. Ne2
Bd7 16. Nexd4 Nxd4 17. Nxd4 Nc6 18. Be3 Nxd4 19. Bxd4 Qc7 20. Bf3 Be8 21. Rg1
Rg8 22. Rg2 Bf7 23. Qg1 Bh6 24. Bxd5 Rxg2 25. Bxg2 Rc8 26. Qf2 Qxc2 27. Qh4 Bg7
28. Rg1 Qd2 29. Bc3 Qd7 30. Bf3 Qa7 31. Bb4 Bg6 32. Rxg6 Rc1+ 33. Kh2 Rc2+ 34.
Rg2 Rxg2+ 35. Bxg2 1-0

[Event "Championnat de France des Jeunes - Minimes"]
[Site "AIX LES BAINS"]
[Date "2009.04.20"]
[Round "1.15"]
[White "Chauvet, Vincent"]
[Black "Villeneuve, Samuel"]
[Result "1-0"]
[WhiteElo "1810"]
[BlackElo "2040"]
[PlyCount "67"]
[EventDate "2009.04.20"]
[SourceDate "2009.04.20"]

1. e4 c5 2. Nf3 d6 3. d4 cxd4 4. Nxd4 Nf6 5. Nc3 g6 6. Be2 Bg7 7. Be3 O-O 8.
O-O Nc6 9. Qd2 Bd7 10. Kh1 Rc8 11. f4 a6 12. a3 Nxd4 13. Bxd4 Rxc3 14. bxc3
Nxe4 15. Qe3 f5 16. Rab1 Qc7 17. c4 Bxd4 18. Qxd4 Qc5 19. Qxc5 Nxc5 20. Bf3 Rb8
21. Rfe1 Be6 22. Rxe6 Nxe6 23. Bd5 Kg7 24. Bxe6 b6 25. h3 Kf6 26. Re1 Rb7 27.
Bd5 Rc7 28. Re6+ Kg7 29. a4 h5 30. g3 Kh6 31. Kg2 Kg7 32. Kf3 Kh6 33. g4 fxg4+
34. hxg4 1-0

[Event "Championnat de France des Jeunes - Minimettes"]
[Site "AIX LES BAINS"]
[Date "2009.04.20"]
[Round "1.1"]
[White "Turquetille, Annabelle"]
[Black "Lefevre, Margaux"]
[Result "0-1"]
[WhiteElo "1590"]
[BlackElo "2021"]
[Annotator ""]

1. e4 c5 2. f4 Nc6 3. Nf3 g6 4. Bc4 Bg7 5. c3 d6 6. d4 cxd4 7. Nxd4 Qb6 8. Qb3
Qxb3 9. Nxb3 Nf6 10. Bd3 a6 11. h3 b5 12. Be3 Bb7 13. N1d2 Nd7 14. O-O b4 15.
Bd4 Nxd4 16. cxd4 O-O 17. Rac1 Rfc8 18. Nf3 Rxc1 19. Rxc1 Rc8 20. Rxc8+ Bxc8
21. Na5 Nb8 22. Nc4 Kf8 23. Kf2 Ke8 24. Ke3 Nc6 25. d5 Nd8 26. e5 Bb7 27. Ke4
f5+ 28. Kd4 Kd7 29. h4 e6 30. Ne3 exd5 31. Nxd5 Ne6+ 32. Kc4 Bxd5+ 33. Kxd5
Nxf4+ 34. Kc4 Nxd3 35. Kxd3 dxe5 36. Kc4 e4 37. Ne1 a5 38. b3 Kc6 39. Nc2 Bf6
40. g3 Be5 41. Nd4+ Bxd4 42. Kxd4 Kd6 43. g4 h6 44. h5 fxg4 45. hxg6 Ke6 46. g7
Kf7 47. g8=Q+ Kxg8 48. Kxe4 Kg7 49. Kf4 h5 50. Kg3 Kg6 51. Kh4 Kf5 52. Kg3 Ke4
0-1

[Event "Championnat de France des Jeunes - Minimettes"]
[Site "AIX LES BAINS"]
[Date "2009.04.20"]
[Round "1.2"]
[White "Neuhauser, Salomé"]
[Black "Daif, Sarah"]
[Result "1-0"]
[WhiteElo "1977"]
[BlackElo "1588"]
[PlyCount "59"]
[EventDate "2009.04.20"]
[SourceDate "2009.04.20"]

1. c4 e5 2. d3 Nc6 3. Nf3 Nf6 4. Nc3 Bc5 5. g3 d5 6. cxd5 Nxd5 7. Bg2 Nb6 8.
O-O f6 9. Ne4 Be7 10. Be3 Be6 11. Nc5 Bxc5 12. Bxc5 Qd7 13. b4 Nd5 14. b5 Nce7
15. a4 O-O 16. Qc2 Rfe8 17. d4 exd4 18. Nxd4 Bf7 19. Rfd1 Rad8 20. e4 Nb6 21.
Nf5 Qe6 22. Nxe7+ Rxe7 23. Rxd8+ Re8 24. Rxe8+ Qxe8 25. Rd1 Nc4 26. Rd4 Ne5 27.
Qd1 Bh5 28. Qd2 Qg6 29. Rd8+ Kf7 30. Rf8+ 1-0

[Event "Championnat de France des Jeunes - Minimettes"]
[Site "AIX LES BAINS"]
[Date "2009.04.20"]
[Round "1.3"]
[White "Bogen, Fanny"]
[Black "Haussernot, Cecile"]
[Result "0-1"]
[WhiteElo "1570"]
[BlackElo "1924"]
[PlyCount "64"]
[EventDate "2009.04.20"]
[SourceDate "2009.04.20"]

1. e4 c5 2. Nc3 Nc6 3. Bb5 Nd4 4. d3 a6 5. Bc4 e6 6. Nge2 Nxe2 7. Qxe2 d6 8.
Be3 Nf6 9. O-O Be7 10. Rad1 O-O 11. d4 Qc7 12. dxc5 dxc5 13. Qf3 b5 14. Bd3 c4
15. Be2 e5 16. Bg5 Bg4 17. Qg3 Bxe2 18. Nxe2 Nxe4 19. Qg4 f5 20. Qf3 Bxg5 21.
Ng3 Nxg3 22. Qxg3 Bf4 23. Qa3 e4 24. Rd5 Bxh2+ 25. Kh1 Bf4 26. Rfd1 Qc6 27. Qe7
Qh6+ 28. Kg1 e3 29. fxe3 Bxe3+ 30. Kf1 Qh1+ 31. Ke2 Qxg2+ 32. Ke1 Qf2# 0-1

[Event "Championnat de France des Jeunes - Minimettes"]
[Site "AIX LES BAINS"]
[Date "2009.04.20"]
[Round "1.5"]
[White "Vedrenne, Louise"]
[Black "Llacer, Cassandra"]
[Result "0-1"]
[WhiteElo "1530"]
[BlackElo "1910"]
[PlyCount "68"]
[EventDate "2009.04.20"]
[SourceDate "2009.04.20"]

1. d4 d5 2. Nf3 Bf5 3. Nc3 e6 4. a3 Nf6 5. Bg5 Be7 6. e3 Nbd7 7. Bd3 Bg6 8. O-O
O-O 9. Re1 c5 10. dxc5 Nxc5 11. Ne5 Ncd7 12. Nxg6 hxg6 13. f4 Nc5 14. e4 Qb6
15. Kh1 d4 16. e5 dxc3 17. exf6 Nxd3 18. Qxd3 gxf6 19. Qd7 fxg5 20. Qxe7 cxb2
21. Rab1 gxf4 22. Qf6 Qd6 23. Qxb2 b6 24. Qb4 Qxb4 25. Rxb4 Rac8 26. Re2 Rc3
27. Ra4 Rfc8 28. Rxa7 Rxc2 29. Rxc2 Rxc2 30. Kg1 Ra2 31. Ra6 b5 32. Rb6 Rxa3
33. Rxb5 f3 34. gxf3 Rxf3 0-1

[Event "Championnat de France des Jeunes - Minimettes"]
[Site "AIX LES BAINS"]
[Date "2009.04.20"]
[Round "1.6"]
[White "De Seroux, Camille"]
[Black "Dufour, Celine"]
[Result "1-0"]
[WhiteElo "1909"]
[BlackElo "1520"]
[PlyCount "67"]
[EventDate "2009.04.20"]
[SourceDate "2009.04.20"]

1. e4 e5 2. Nf3 Nc6 3. Bc4 Bc5 4. c3 Bb6 5. d3 d6 6. h3 Nf6 7. Nbd2 Ne7 8. O-O
O-O 9. Re1 Ng6 10. Nf1 h6 11. Ng3 c6 12. d4 exd4 13. Nxd4 d5 14. exd5 Nxd5 15.
Qf3 Nf6 16. Ndf5 Kh7 17. b3 Qc7 18. Ne4 Nxe4 19. Qxe4 Qd7 20. Ng3 Kg8 21. Qxg6
Kh8 22. Qe4 Qc7 23. Bf4 Qd7 24. Qe7 Qxe7 25. Rxe7 Bd8 26. Rxf7 Re8 27. Bd6 Bf6
28. Ne4 Be6 29. Bxe6 Rxe6 30. Nxf6 Rxd6 31. Ne4 Re6 32. f3 b6 33. Rd1 Kg8 34.
Rdd7 1-0

[Event "Championnat de France des Jeunes - Minimettes"]
[Site "AIX LES BAINS"]
[Date "2009.04.20"]
[Round "1.7"]
[White "Gassama, Aissatou"]
[Black "Le Bail, Arielle"]
[Result "0-1"]
[WhiteElo "1520"]
[BlackElo "1859"]
[PlyCount "80"]
[EventDate "2009.04.20"]
[SourceDate "2009.04.20"]

1. e4 e6 2. Nf3 d5 3. exd5 exd5 4. d4 Bd6 5. h3 a6 6. Nc3 Ne7 7. Bd3 Nbc6 8. a3
Be6 9. Ng5 Qd7 10. Be3 O-O-O 11. Qe2 h6 12. Nf3 f5 13. O-O-O Rde8 14. Bd2 f4
15. Rde1 Nf5 16. Bxf5 Bxf5 17. Qd1 Qf7 18. Rxe8+ Rxe8 19. Ne2 Bh7 20. h4 Qf5
21. Re1 g5 22. g3 g4 23. Nh2 f3 24. Nf4 Rxe1 25. Bxe1 Bxf4+ 26. gxf4 Nxd4 27.
Kb1 Nxc2 28. Ka2 d4 29. Nf1 Qd5+ 30. b3 Qc5 31. Bb4 Nxb4+ 32. axb4 Qxb4 33. Nd2
Qa5+ 34. Kb2 Qc3+ 35. Ka3 b5 36. Ka2 d3 37. Qe1 b4 38. Qe8+ Kb7 39. Nb1 Qc2+
40. Ka1 d2 0-1

[Event "Championnat de France des Jeunes - Minimettes"]
[Site "AIX LES BAINS"]
[Date "2009.04.20"]
[Round "1.8"]
[White "Soubirou, Oriane"]
[Black "Lane, Harriet"]
[Result "1-0"]
[WhiteElo "1855"]
[BlackElo "1520"]
[PlyCount "51"]
[EventDate "2009.04.20"]
[SourceDate "2009.04.20"]

1. e4 e5 2. Nf3 Nc6 3. Bb5 Nf6 4. d3 d6 5. O-O h6 6. Nc3 Be7 7. d4 exd4 8. Nxd4
Bd7 9. Nxc6 bxc6 10. Bc4 O-O 11. h3 Be6 12. Bb3 Bxb3 13. axb3 d5 14. e5 Ne4 15.
Nxe4 dxe4 16. Qg4 Bg5 17. Qxe4 Bxc1 18. Rfxc1 Qd5 19. Qxd5 cxd5 20. Rd1 c6 21.
Ra6 Rfc8 22. f4 Kh7 23. Kf2 Kg6 24. Rxd5 Kf5 25. Rd4 c5 26. g4# 1-0

[Event "Championnat de France des Jeunes - Minimettes"]
[Site "AIX LES BAINS"]
[Date "2009.04.20"]
[Round "1.9"]
[White "Roger, Juliette"]
[Black "Kohi, Camilla"]
[Result "1-0"]
[WhiteElo "1520"]
[BlackElo "1843"]
[PlyCount "103"]
[EventDate "2009.04.20"]
[SourceDate "2009.04.20"]

1. e4 e6 2. d4 d5 3. exd5 exd5 4. Bd3 Bd6 5. Qf3 c6 6. Ne2 Nf6 7. h3 Be6 8. Bf4
O-O 9. Bxd6 Qxd6 10. O-O Nbd7 11. c3 Rfe8 12. Nd2 c5 13. b3 a6 14. dxc5 Nxc5
15. Nd4 Nxd3 16. Qxd3 Rac8 17. Nxe6 fxe6 18. Nf3 e5 19. Qd2 Ne4 20. Qb2 Nxc3
21. Rac1 d4 22. Rfe1 e4 23. Nd2 Qf4 24. Nc4 b5 25. Nd2 e3 26. fxe3 Rxe3 27. Nf3
Rce8 28. Qd2 R8e5 29. Rxe3 Qxe3+ 30. Qxe3 Rxe3 31. Nxd4 Nxa2 32. Rc8+ Kf7 33.
Ra8 Nb4 34. Ra7+ Kg6 35. Rd7 Rd3 36. Rd6+ Kf7 37. Kf2 g6 38. Ke2 Rg3 39. Kf2
Rg5 40. Rd7+ Kg8 41. Rd8+ Kf7 42. Rd7+ Kf6 43. Rxh7 Nd3+ 44. Kf1 Re5 45. Nf3
Rc5 46. Ra7 Nb4 47. Rd7 Rc3 48. Nd4 Rd3 49. Ke2 Rg3 50. Kf2 Rg5 51. Nf3 Ke6 52.
Rd4 1-0

[Event "Championnat de France des Jeunes - Minimettes"]
[Site "AIX LES BAINS"]
[Date "2009.04.20"]
[Round "1.10"]
[White "Armas, Lena"]
[Black "Bertin, Cecile"]
[Result "1-0"]
[WhiteElo "1814"]
[BlackElo "1510"]
[PlyCount "63"]
[EventDate "2009.04.20"]
[SourceDate "2009.04.20"]

1. e4 c5 2. Nf3 Nc6 3. Bc4 e6 4. Nc3 Nf6 5. d4 cxd4 6. Nxd4 e5 7. Nf3 Bb4 8.
Qd3 O-O 9. Bd2 Re8 10. O-O a6 11. a3 Bxc3 12. Bxc3 Qc7 13. Ng5 b5 14. Bxf7+ Kf8
15. Bxe8 Kxe8 16. f4 d6 17. Rad1 Ke7 18. fxe5 Nxe5 19. Bxe5 dxe5 20. Qb3 Qb6+
21. Kh1 Be6 22. Qb4+ Ke8 23. Nxh7 Nxh7 24. Rd6 Qc7 25. Rxe6+ Kd8 26. Qd2+ Kc8
27. Re8+ Kb7 28. Qd5+ Kb6 29. Qxa8 Nf6 30. Re6+ Kc5 31. Rfxf6 gxf6 32. Qd5# 1-0

[Event "Championnat de France des Jeunes - Minimettes"]
[Site "AIX LES BAINS"]
[Date "2009.04.20"]
[Round "1.11"]
[White "Brajon, Victoria"]
[Black "Colin, Phanie"]
[Result "0-1"]
[WhiteElo "1490"]
[BlackElo "1800"]
[PlyCount "80"]
[EventDate "2009.04.20"]
[SourceDate "2009.04.20"]

1. e4 c5 2. Nf3 d6 3. Nc3 Nf6 4. d4 cxd4 5. Nxd4 g6 6. Bc4 Bg7 7. O-O O-O 8. f3
Nc6 9. Nde2 Bd7 10. a3 Rc8 11. Be3 Ne5 12. Ba2 a6 13. Qd2 Nc4 14. Bxc4 Rxc4 15.
Bh6 b5 16. Bxg7 Kxg7 17. b3 Rc5 18. Qd4 Kg8 19. h3 Qc7 20. Rad1 Rc8 21. Rd3 a5
22. Rfd1 Qb7 23. b4 Rc4 24. Qe3 axb4 25. axb4 Rxb4 26. e5 dxe5 27. Qxe5 Qb6+
28. Kf1 Qe6 29. f4 Rbc4 30. Nd5 Nxd5 31. Rxd5 Qxe5 32. fxe5 Bc6 33. Rd8+ Rxd8
34. Rxd8+ Kg7 35. Nd4 Be4 36. Nxb5 Rxc2 37. Nd4 Bxg2+ 38. Kg1 Ra2 39. Rd7 Bxh3
40. Rxe7 Rd2 0-1

[Event "Championnat de France des Jeunes - Minimettes"]
[Site "AIX LES BAINS"]
[Date "2009.04.20"]
[Round "1.12"]
[White "Copin, Oceane"]
[Black "Lebret, Loriane"]
[Result "1-0"]
[WhiteElo "1790"]
[BlackElo "1470"]
[PlyCount "65"]
[EventDate "2009.04.20"]
[SourceDate "2009.04.20"]

1. d4 d5 2. Nf3 Nf6 3. c4 c6 4. Qc2 Nbd7 5. g3 e6 6. Bg2 Bd6 7. O-O O-O 8. Rd1
e5 9. dxe5 Nxe5 10. Nxe5 Bxe5 11. Bg5 Qb6 12. Nd2 Qxb2 13. Qxb2 Bxb2 14. Rab1
Be5 15. Bxf6 Bxf6 16. cxd5 cxd5 17. Bxd5 Rb8 18. Ne4 Be5 19. Rbc1 Bf5 20. f4
Bb2 21. Rb1 Ba3 22. Rxb7 Rfd8 23. Bxf7+ Kf8 24. Rxd8+ Rxd8 25. Ng5 Rd2 26. Bc4
h6 27. Rf7+ Ke8 28. Rxf5 hxg5 29. Rxg5 Rc2 30. Re5+ Kf8 31. Bb3 Bb2 32. Rf5+
Bf6 33. Bxc2 1-0

[Event "Championnat de France des Jeunes - Minimettes"]
[Site "AIX LES BAINS"]
[Date "2009.04.20"]
[Round "1.13"]
[White "Harwood, Elisabeth"]
[Black "Alonso, Audrey"]
[Result "0-1"]
[WhiteElo "1460"]
[BlackElo "1774"]
[PlyCount "96"]
[EventDate "2009.04.20"]
[SourceDate "2009.04.20"]

1. c4 Nf6 2. g3 e5 3. Bg2 Nc6 4. d3 Bc5 5. Nc3 d6 6. Nf3 h6 7. O-O O-O 8. a3 a6
9. b4 Bb6 10. Bb2 Be6 11. e4 Nd4 12. Nxd4 Bxd4 13. h3 Qd7 14. Kh2 Nh7 15. Qh5
c6 16. Rab1 Rad8 17. Ne2 Bxb2 18. Rxb2 f5 19. f4 Nf6 20. Qf3 fxe4 21. dxe4 Bxc4
22. Qc3 Qe6 23. f5 Qf7 24. Rc1 Bb5 25. Bf3 Rfe8 26. Qb3 Qxb3 27. Rxb3 Nxe4 28.
Bxe4 Bxe2 29. a4 d5 30. Re3 Bc4 31. g4 d4 32. Rf3 Bd5 33. Bxd5+ Rxd5 34. Kg2 e4
35. Rff1 d3 36. Rcd1 Rd4 37. Rf4 Rxb4 38. Rxd3 Rb2+ 39. Kg3 exd3 40. Rd4 d2 41.
Rd7 Re1 42. Rd8+ Kh7 43. a5 d1=Q 44. Rxd1 Rxd1 45. f6 gxf6 46. Kh4 Rb3 47. g5
Rd4+ 48. Kh5 Rxh3# 0-1

[Event "Championnat de France des Jeunes - Minimettes"]
[Site "AIX LES BAINS"]
[Date "2009.04.20"]
[Round "1.14"]
[White "Khan, Mai-ly"]
[Black "Generet, Elise"]
[Result "0-1"]
[WhiteElo "1769"]
[BlackElo "1450"]
[PlyCount "72"]
[EventDate "2009.04.20"]
[SourceDate "2009.04.20"]

1. e4 e5 2. Nf3 Nc6 3. Nc3 Nf6 4. d4 exd4 5. Nxd4 Bc5 6. Be3 d6 7. Nxc6 bxc6 8.
Bxc5 dxc5 9. Qd3 O-O 10. O-O-O Be6 11. f4 Qe7 12. Be2 Rfb8 13. Qa6 Rb6 14. Qa3
Rb7 15. e5 Nd7 16. Bf3 Rb6 17. Na4 Ra6 18. b3 Rb8 19. Qb2 c4 20. Qc3 cxb3 21.
axb3 c5 22. Be2 Rc6 23. Qf3 Rcb6 24. Nxc5 Nxc5 25. g4 a5 26. f5 Bd7 27. Qf4 a4
28. bxa4 Nxa4 29. Bd3 Bb5 30. f6 Qa3+ 31. Kd2 Bxd3 32. cxd3 Nb2 33. Qg5 Qxd3+
34. Ke1 Qxd1+ 35. Kf2 Qc2+ 36. Kg1 Qg6 0-1